[Event "12sen.WM-H Naumburg"]
[Site "Naumburg/Saale(20.10.-03.11.)"]
[Date "2002.10.30"]
[Round "8"]
[White "Ljubarskij, Jurij"]
[Black "Hilburt, Leonid"]
[Result "1-0"]
[WhiteElo "2317"]
[BlackElo "2106"]
[PlyCount "101"]
[EventDate "2002.11.??"]

1. e4 e5 2. Nf3 Nc6 3. Bb5 a6 4. Ba4 b5 5. Bb3 Na5 6. Nc3 d6 7. O-O Bg4 8. h3
Bh5 9. Nxe5 Nxb3 10. Qxh5 g6 11. Qf3 dxe5 12. axb3 Bg7 13. d3 Ne7 14. Be3 O-O
15. Qe2 c6 16. f4 Qd6 17. f5 f6 18. Qf2 Rfd8 19. Bb6 Re8 20. Bc5 Qd7 21. b4 Kh8
22. g4 g5 23. Rfd1 Nc8 24. d4 exd4 25. Rxd4 Qc7 26. Rad1 a5 27. Rd7 Qe5 28. Bd4
Qf4 29. Qxf4 gxf4 30. Bc5 axb4 31. Rd8 Rg8 32. Rxg8+ Kxg8 33. Rd8+ Kf7 34. Bxb4
Nb6 35. Rxa8 Nxa8 36. Ba5 Bf8 37. Kg2 Bd6 38. Kf3 Be5 39. Nd1 Nc7 40. Bd2 Na6
41. Bxf4 Bd4 42. c3 Bc5 43. h4 Be7 44. g5 Nc5 45. e5 fxe5 46. Bxe5 Nd7 47. Bf4
Nb6 48. Ne3 Nd7 49. b4 Bd8 50. Ng4 Bb6 51. h5 1-0

[Event "12sen.WM-H Naumburg"]
[Site "Naumburg/Saale(20.10.-03.11.)"]
[Date "2002.10.30"]
[Round "8"]
[White "Luecke, Volkmar"]
[Black "Werl, Wolfgang"]
[Result "1/2-1/2"]
[WhiteElo "1890"]
[BlackElo "2088"]
[PlyCount "69"]
[EventDate "2002.11.??"]

1. Nf3 Nf6 2. g3 d5 3. Bg2 Bg4 4. c4 Bxf3 5. Bxf3 e6 6. Qb3 b6 7. Nc3 c6 8. O-O
Be7 9. cxd5 Nxd5 10. e4 Nxc3 11. bxc3 O-O 12. d4 Nd7 13. Bb2 Rc8 14. c4 Re8 15.
Rfd1 Qc7 16. Rac1 Red8 17. d5 Ne5 18. Bg2 Bc5 19. Bd4 Bxd4 20. Rxd4 cxd5 21.
exd5 Qc5 22. Qe3 Nc6 23. Rdd1 Qxe3 24. fxe3 Ne5 25. Rd4 b5 26. c5 Nc4 27. dxe6
fxe6 28. Rxd8+ Rxd8 29. c6 Rc8 30. Kf2 Kf7 31. a4 a6 32. Rb1 Ne5 33. axb5 axb5
34. Rxb5 Nxc6 35. Rb6 1/2-1/2

[Event "12sen.WM-H Naumburg"]
[Site "Naumburg/Saale(20.10.-03.11.)"]
[Date "2002.10.30"]
[Round "8"]
[White "Maletzki, Heinz"]
[Black "Simon, Eberhard"]
[Result "0-1"]
[WhiteElo "1514"]
[BlackElo "1819"]
[PlyCount "100"]
[EventDate "2002.11.??"]

1. c4 Nf6 2. Nc3 e5 3. e4 Nc6 4. a3 d6 5. Nge2 Bg4 6. f3 Be6 7. Nd5 g6 8. b4
Bg7 9. Rb1 O-O 10. d3 Nd7 11. Be3 f5 12. Bf2 Rc8 13. b5 Ne7 14. h4 c6 15. Nxe7+
Qxe7 16. Bxa7 Ra8 17. b6 d5 18. h5 Qxa3 19. hxg6 hxg6 20. Qb3 Qxb3 21. Rxb3
dxc4 22. dxc4 Bxc4 23. Rb4 Bb5 24. Rh3 Nc5 25. Nc3 Bxf1 26. Kxf1 Rad8 27. Rg3
Kf7 28. exf5 gxf5 29. Kg1 e4 30. Rc4 Rd3 31. Na2 Rd1+ 32. Kf2 Nd3+ 33. Ke2 Re1+
34. Kd2 Bh6+ 35. Kc3 Re2 36. Nb4 Bd2+ 37. Kb3 Bxb4 38. Rxb4 Rb2+ 39. Kc3 Rxb4
40. fxe4 fxe4 41. Rh3 Rg8 42. g3 Rb5 43. Kd4 Rd5+ 44. Ke3 Rdd8 45. Rh7+ Rg7 46.
Rh3 Nc5 47. Kf4 Rd3 48. Bb8 Rf3+ 49. Ke5 e3 50. Kd4 e2 0-1

[Event "12sen.WM-H Naumburg"]
[Site "Naumburg/Saale(20.10.-03.11.)"]
[Date "2002.10.30"]
[Round "8"]
[White "Malinichev, Konstantin"]
[Black "Zunker, Reinhard_Dr"]
[Result "1/2-1/2"]
[WhiteElo "1000"]
[BlackElo "2203"]
[PlyCount "84"]
[EventDate "2002.11.??"]

1. e4 g6 2. d4 Bg7 3. Nc3 c6 4. Nf3 d6 5. Be3 b5 6. Bd3 Nf6 7. O-O O-O 8. h3
Re8 9. e5 dxe5 10. Nxe5 Nd5 11. Qf3 Be6 12. Nxd5 Bxd5 13. Qg3 Nd7 14. Rfe1 Nxe5
15. dxe5 Qa5 16. a3 Rad8 17. Bc5 Qc7 18. a4 a6 19. Qe3 Ra8 20. h4 Qc8 21. Qg3
Be6 22. Qf4 Qb7 23. b4 Red8 24. Qf3 Bd5 25. Qe3 Qd7 26. f3 Qe6 27. a5 Bc4 28.
Rad1 Bxd3 29. Rxd3 Rxd3 30. Qxd3 f6 31. Qe4 fxe5 32. Rd1 Kf7 33. g4 Ke8 34. Qd3
e4 35. Qxe4 Qxe4 36. fxe4 Rd8 37. Rxd8+ Kxd8 38. Kf2 e5 39. g5 Ke8 40. Kf3 Bf8
41. Kg4 Be7 42. h5 Kf7 1/2-1/2

[Event "12sen.WM-H Naumburg"]
[Site "Naumburg/Saale(20.10.-03.11.)"]
[Date "2002.10.30"]
[Round "8"]
[White "Mann, Klaus_Dieter"]
[Black "Fischer, Ernst[37Weiden]"]
[Result "0-1"]
[WhiteElo "1979"]
[BlackElo "1981"]
[PlyCount "52"]
[EventDate "2002.11.??"]

1. e4 c5 2. Nf3 a6 3. d4 cxd4 4. Nxd4 Nf6 5. Nc3 e5 6. Nf3 Bb4 7. Bd2 O-O 8.
Bd3 d6 9. O-O Bxc3 10. Bxc3 Nbd7 11. Re1 Nc5 12. b3 b5 13. Nd2 Bb7 14. Rc1 Rc8
15. Bb2 Rc7 16. Qe2 Kh8 17. h3 g5 18. g4 Ne6 19. c4 Nf4 20. Qf1 bxc4 21. Bxc4
h5 22. gxh5 g4 23. Re3 Nxh3+ 24. Kh1 Nf4 25. Qg1 Rg8 26. Qh2 Rg5 0-1

[Event "12sen.WM-H Naumburg"]
[Site "Naumburg/Saale(20.10.-03.11.)"]
[Date "2002.10.30"]
[Round "8"]
[White "Masich, Vladimir"]
[Black "Vucenovic, Dragomir"]
[Result "1/2-1/2"]
[WhiteElo "2084"]
[BlackElo "2279"]
[PlyCount "83"]
[EventDate "2002.11.??"]

1. c4 Nf6 2. Nc3 g6 3. g3 Bg7 4. Bg2 O-O 5. Nf3 d6 6. O-O Nbd7 7. e4 e5 8. h3
Re8 9. d4 c6 10. dxe5 dxe5 11. Be3 Qe7 12. Qc2 Nf8 13. Rad1 N6d7 14. Rfe1 Nc5
15. b3 Be6 16. Nd5 cxd5 17. cxd5 Na6 18. dxe6 Nxe6 19. Qe2 Nb4 20. Rd2 Nc6 21.
Red1 Ncd4 22. Bxd4 Nxd4 23. Nxd4 exd4 24. f4 Rad8 25. e5 f6 26. Qc4+ Kh8 27.
Rxd4 fxe5 28. Rxd8 Rxd8 29. Rxd8+ Qxd8 30. fxe5 Bxe5 31. Qd5 Qg5 32. Qf3 h5 33.
Qf8+ Kh7 34. Qf7+ Bg7 35. Qf4 Qc5+ 36. Kh2 Be5 37. Qf7+ Kh6 38. h4 Qb4 39. Qc4
Qd6 40. Qc1+ Kg7 41. Qg5 Bf6 42. Qd5 1/2-1/2

[Event "12sen.WM-H Naumburg"]
[Site "Naumburg/Saale(20.10.-03.11.)"]
[Date "2002.10.30"]
[Round "8"]
[White "Mauersberger, Frank"]
[Black "Schuler, Georg"]
[Result "1-0"]
[WhiteElo "1992"]
[BlackElo "2148"]
[PlyCount "99"]
[EventDate "2002.11.??"]

1. e4 c5 2. Nc3 e6 3. g3 g6 4. Bg2 Bg7 5. d3 Ne7 6. Be3 d6 7. Qd2 Nbc6 8. Bh6
O-O 9. h4 f6 10. Bxg7 Kxg7 11. h5 g5 12. f4 h6 13. fxg5 fxg5 14. O-O-O e5 15.
Nf3 Ng8 16. Rdf1 Be6 17. a3 Rb8 18. Nd5 b5 19. Nh2 a5 20. Rxf8 Kxf8 21. Qf2+
Kg7 22. Rf1 Rb7 23. Bf3 Rf7 24. Qg2 a4 25. Bg4 Rxf1+ 26. Qxf1 Bxg4 27. Nxg4 Qe8
28. Nge3 Qxh5 29. Nf5+ Kh8 30. Nxd6 b4 31. Nf6 Qg6 32. Nxg8 Kxg8 33. Nf5 Kh7
34. Qf2 bxa3 35. bxa3 Nd4 36. g4 Qe6 37. Kd1 Qd7 38. Kd2 Qe6 39. Nxd4 cxd4 40.
Qf5+ Qxf5 41. exf5 Kg7 42. Ke2 Kf6 43. Kf3 h5 44. gxh5 Kxf5 45. Kg3 e4 46.
dxe4+ Kxe4 47. h6 d3 48. cxd3+ Kxd3 49. h7 Kc3 50. h8=Q+ 1-0

[Event "12sen.WM-H Naumburg"]
[Site "Naumburg/Saale(20.10.-03.11.)"]
[Date "2002.10.30"]
[Round "8"]
[White "Meiling, Hermann"]
[Black "Ollek, Karl_Heinz"]
[Result "1-0"]
[WhiteElo "2028"]
[BlackElo "1663"]
[PlyCount "57"]
[EventDate "2002.11.??"]

1. d4 Nf6 2. c4 e6 3. Nc3 d5 4. Bg5 Be7 5. e3 h6 6. Bf4 c6 7. Nf3 Nbd7 8. h3
dxc4 9. Bxc4 Nb6 10. Bd3 Nbd5 11. Bh2 Qa5 12. Qb3 Bb4 13. Rc1 Nxc3 14. bxc3 Be7
15. O-O O-O 16. c4 Rd8 17. c5 Rd5 18. Bc4 Rh5 19. Be2 Ne4 20. Qc2 Nf6 21. Ne5
Qd8 22. Bxh5 Nxh5 23. Nc4 b6 24. Ne5 Qe8 25. cxb6 c5 26. dxc5 f6 27. Ng6 Bxc5
28. Qxc5 Qxg6 29. Qxc8+ 1-0

[Event "12sen.WM-H Naumburg"]
[Site "Naumburg/Saale(20.10.-03.11.)"]
[Date "2002.10.30"]
[Round "8"]
[White "Mietner, Franz"]
[Black "Maugg, Ludwig"]
[Result "0-1"]
[WhiteElo "1742"]
[BlackElo "2142"]
[PlyCount "54"]
[EventDate "2002.11.??"]

1. e4 c5 2. Nf3 d6 3. d4 cxd4 4. Nxd4 Nf6 5. Nc3 a6 6. Be2 e6 7. Be3 b5 8. a3
Bb7 9. Bf3 Qc7 10. O-O Be7 11. Qe2 O-O 12. Rad1 Nbd7 13. Bc1 Nb6 14. Rfe1 Rac8
15. g3 Rfe8 16. Qf1 Nc4 17. Rd3 Ne5 18. Rde3 Nxf3+ 19. Nxf3 Red8 20. Qe2 d5 21.
exd5 Nxd5 22. Nxd5 Bxd5 23. c3 Ba8 24. h4 Bc5 25. Re5 f6 26. Rxe6 Qxg3+ 27. Kf1
Qh3+ 0-1

[Event "12sen.WM-H Naumburg"]
[Site "Naumburg/Saale(20.10.-03.11.)"]
[Date "2002.10.30"]
[Round "8"]
[White "Mosionzhik, Ilja"]
[Black "Oelert, Ralf"]
[Result "1/2-1/2"]
[WhiteElo "2253"]
[BlackElo "2077"]
[PlyCount "91"]
[EventDate "2002.11.??"]

1. e4 e5 2. Nf3 Nf6 3. d4 Nxe4 4. Bd3 d5 5. Nxe5 Bd6 6. O-O O-O 7. f3 Nf6 8.
Bg5 c5 9. Ng4 c4 10. Bxf6 gxf6 11. Bf5 Nc6 12. Bxc8 Rxc8 13. Nc3 Kh8 14. Ne3
Re8 15. Nf5 Bf4 16. Ne2 Qc7 17. Nxf4 Qxf4 18. g4 Re6 19. c3 Rce8 20. Qc1 Qg5
21. h4 Qg6 22. Qf4 Ne7 23. Nd6 Rg8 24. Rae1 f5 25. Rxe6 Qxe6 26. Kf2 Ng6 27.
gxf5 Nxf4 28. fxe6 fxe6 29. Nxb7 Rb8 30. Nc5 Rxb2+ 31. Kg3 Ne2+ 32. Kg4 Nxc3
33. Nxe6 Nxa2 34. Nf4 c3 35. Re1 c2 36. Nd3 Rb1 37. Re8+ Kg7 38. Re7+ Kf6 39.
Rxa7 Nb4 40. Rc7 Rd1 41. Nxb4 c1=Q 42. Nxd5+ Ke6 43. Nf4+ Kd6 44. Rxc1 Rxc1 45.
Nh3 Rc4 46. Ng5 1/2-1/2

[Event "12sen.WM-H Naumburg"]
[Site "Naumburg/Saale(20.10.-03.11.)"]
[Date "2002.10.30"]
[Round "8"]
[White "Neumann, Horst"]
[Black "Fabritius, Herbert"]
[Result "1/2-1/2"]
[WhiteElo "2035"]
[BlackElo "1726"]
[PlyCount "56"]
[EventDate "2002.11.??"]

1. d4 e6 2. Nf3 d5 3. Bg5 Nf6 4. Nbd2 Be7 5. e3 Nbd7 6. Bd3 c5 7. c3 b6 8. Bb5
a6 9. Bc6 Ra7 10. O-O O-O 11. Ba4 Bd6 12. e4 dxe4 13. Nxe4 Be7 14. Ng3 Nd5 15.
Bxe7 Qxe7 16. Re1 b5 17. Bc2 c4 18. Ne5 Nxe5 19. Rxe5 Nf6 20. Qf3 Bb7 21. Qf4
Rd8 22. Rae1 Rd5 23. Qh4 h6 24. Nf5 Qd8 25. Ne3 Ne8 26. Qe4 Rxe5 27. Qh7+ Kf8
28. dxe5 Qg5 1/2-1/2

[Event "12sen.WM-H Naumburg"]
[Site "Naumburg/Saale(20.10.-03.11.)"]
[Date "2002.10.30"]
[Round "8"]
[White "Nietsch, Horst"]
[Black "Hansen, Hans"]
[Result "1/2-1/2"]
[WhiteElo "2085"]
[BlackElo "1871"]
[PlyCount "95"]
[EventDate "2002.11.??"]

1. e4 c5 2. Nf3 Nc6 3. d4 cxd4 4. Nxd4 g6 5. Be3 Nf6 6. Nc3 Bg7 7. f3 O-O 8.
Qd2 d5 9. exd5 Nxd5 10. Nxc6 bxc6 11. Bd4 Bxd4 12. Qxd4 e5 13. Qc5 Bf5 14.
O-O-O Qg5+ 15. Kb1 Nxc3+ 16. Qxc3 Rad8 17. Rc1 Qd2 18. Qxd2 Rxd2 19. g4 Be6 20.
Bd3 Bd5 21. Rcf1 Rd8 22. Kc1 Rg2 23. b3 f6 24. Kb2 Kf7 25. Kb1 c5 26. h4 h5 27.
gxh5 gxh5 28. Kb2 Rdg8 29. Kc3 R8g3 30. b4 cxb4+ 31. Kxb4 Bxf3 32. Kc5 Be2 33.
Rb1 Bxd3 34. Rb7+ Kg6 35. cxd3 Rc2+ 36. Kd6 Rxd3+ 37. Ke7 Rdd2 38. Rxa7 Rxa2
39. Rg1+ Kf5 40. Rf1+ Kg4 41. Rxa2 Rxa2 42. Kxf6 e4 43. Ke5 e3 44. Ke4 e2 45.
Rg1+ Kxh4 46. Ke3 Rb2 47. Rh1+ Kg5 48. Rg1+ 1/2-1/2

[Event "12sen.WM-H Naumburg"]
[Site "Naumburg/Saale(20.10.-03.11.)"]
[Date "2002.10.30"]
[Round "8"]
[White "Ousatchi, Mark"]
[Black "Opl, Klaus_Dr"]
[Result "0-1"]
[WhiteElo "2196"]
[BlackElo "2279"]
[PlyCount "98"]
[EventDate "2002.11.??"]

1. d4 Nf6 2. c4 e6 3. Nf3 d5 4. Bg5 h6 5. Bh4 Bb4+ 6. Nc3 Nbd7 7. e3 c5 8. cxd5
exd5 9. a3 Bxc3+ 10. bxc3 Qa5 11. Qb3 Ne4 12. Rc1 c4 13. Qb4 Qxb4 14. cxb4 b5
15. Nd2 a5 16. Nxe4 dxe4 17. Be2 axb4 18. axb4 Nb6 19. O-O Ra4 20. Rb1 Nd5 21.
Rfc1 O-O 22. Bg3 Rd8 23. Bd1 Ra2 24. Kf1 Be6 25. Ke1 Rda8 26. Bd6 R8a6 27. Bc5
g5 28. Rc2 f5 29. g3 f4 30. exf4 gxf4 31. gxf4 Nxf4 32. Kd2 Bf5 33. d5 Nxd5 34.
Be3 Kh7 35. Rxa2 Rxa2+ 36. Bc2 h5 37. Kc1 Kg6 38. Kd2 Kf7 39. h4 Ke6 40. Kc1
Ke5 41. Rb2 Rxb2 42. Kxb2 Nxb4 43. Bd1 Bg6 44. Be2 Nc6 45. Kc3 Kd5 46. f3 b4+
47. Kb2 Nd4 48. Bxd4 Kxd4 49. fxe4 c3+ 0-1

[Event "12sen.WM-H Naumburg"]
[Site "Naumburg/Saale(20.10.-03.11.)"]
[Date "2002.10.30"]
[Round "8"]
[White "Peierl, Walter"]
[Black "Blaushtein, Boris"]
[Result "1-0"]
[WhiteElo "1800"]
[BlackElo "2157"]
[PlyCount "77"]
[EventDate "2002.11.??"]

1. e4 d6 2. d4 g6 3. g3 Bg7 4. Bg2 Nd7 5. Nf3 e5 6. Bg5 f6 7. Be3 Ne7 8. c3 O-O
9. O-O Nb6 10. Na3 h6 11. Nd2 Be6 12. f4 Qd7 13. Rf2 Kh7 14. d5 Bg4 15. Qf1
exf4 16. Bxf4 g5 17. Be3 Bh5 18. Nc2 f5 19. exf5 Nxf5 20. Be4 Bg6 21. Qd3 Ne7
22. Raf1 Rxf2 23. Rxf2 Rf8 24. Rxf8 Bxf8 25. Nd4 Nbxd5 26. Bxg6+ Nxg6 27. Ne4
Be7 28. Bd2 Nf6 29. Nf2 d5 30. Kg2 c6 31. Nf3 Kg7 32. b4 Qe6 33. Be3 b6 34. a4
Bd6 35. Nd4 Qd7 36. Nf5+ Kh7 37. Bd4 Ne4 38. Nxe4 Qxf5 39. Nf6+ 1-0

[Event "12sen.WM-H Naumburg"]
[Site "Naumburg/Saale(20.10.-03.11.)"]
[Date "2002.10.30"]
[Round "8"]
[White "Perk, Egbert"]
[Black "Potthammel, Joerg"]
[Result "1/2-1/2"]
[WhiteElo "1910"]
[BlackElo "2111"]
[PlyCount "105"]
[EventDate "2002.11.??"]

1. d4 Nf6 2. c4 e6 3. Nf3 b6 4. Bg5 Bb7 5. Nbd2 h6 6. Bh4 Be7 7. e3 d6 8. Be2
Nbd7 9. O-O O-O 10. Qc2 Nh5 11. Bxe7 Qxe7 12. Ne1 Nhf6 13. Bf3 Bxf3 14. Nexf3
Nh7 15. e4 e5 16. b4 Ng5 17. d5 g6 18. Nxg5 hxg5 19. g3 Kg7 20. f3 Rh8 21. Qc3
f5 22. a3 Rh3 23. Rf2 a5 24. Kg2 axb4 25. axb4 Rxa1 26. Qxa1 Rh8 27. Qa7 Nf6
28. Qa1 fxe4 29. Nxe4 Nxe4 30. fxe4 Qd7 31. Kg1 Rf8 32. Rxf8 Kxf8 33. Qf1+ Kg7
34. Qf3 g4 35. Qd1 Kh6 36. Qc1+ Kg7 37. Qd1 Kh6 38. Kf2 Kg7 39. Ke3 Kh6 40. Kd3
Kg7 41. Kc3 c6 42. dxc6 Qxc6 43. Qd5 Qa4 44. Qb7+ Kf6 45. Qxb6 Qa3+ 46. Kc2
Qa2+ 47. Kd1 Qb1+ 48. Kd2 Qb2+ 49. Kd1 Qb1+ 50. Kd2 Qb2+ 51. Kd1 Qb3+ 52. Kd2
Ke6 53. Qb5 1/2-1/2

[Event "12sen.WM-H Naumburg"]
[Site "Naumburg/Saale(20.10.-03.11.)"]
[Date "2002.10.30"]
[Round "8"]
[White "Piankov, Evgenij"]
[Black "Kosanski, Stanko"]
[Result "1/2-1/2"]
[WhiteElo "2353"]
[BlackElo "2386"]
[PlyCount "146"]
[EventDate "2002.11.??"]

1. d4 c5 2. c3 Qc7 3. Nf3 d6 4. e4 Nf6 5. dxc5 Qxc5 6. Be3 Qc7 7. h3 Nbd7 8.
Nbd2 g6 9. Bd3 Bg7 10. O-O O-O 11. Qe2 b6 12. Rad1 Bb7 13. Bc2 Bc6 14. Bg5 Nc5
15. Rfe1 e5 16. Qe3 Rad8 17. Bh6 Rfe8 18. Qg5 Ne6 19. Qh4 Nh5 20. Bxg7 Kxg7 21.
Nf1 f6 22. Ne3 Rf8 23. Rd2 Bb7 24. Red1 Nef4 25. g3 Ne6 26. Nf5+ gxf5 27. Qxh5
fxe4 28. Qg4+ Kh8 29. Bxe4 f5 30. Bxf5 Bxf3 31. Qxf3 Ng7 32. g4 Nxf5 33. gxf5
Rf6 34. Kh2 Rdf8 35. Rg1 Rxf5 36. Qg3 Rf3 37. Qh4 R8f4 38. Rg4 Rxg4 39. hxg4
Qf7 40. Kg2 Rf6 41. c4 Kg7 42. b3 Rg6 43. Rd3 Qe6 44. Rg3 d5 45. cxd5 Qxd5+ 46.
Kg1 Qd6 47. Kg2 Qe6 48. g5 Qd5+ 49. Kh2 Qd2 50. Rg2 Re6 51. Qe4 Qf4+ 52. Qxf4
exf4 53. Rg4 Re2 54. Rxf4 Rxa2 55. Kg3 Ra3 56. Rb4 Kg6 57. Kg4 Ra1 58. f4 Rg1+
59. Kf3 Kf5 60. Rb5+ Ke6 61. Re5+ Kd6 62. b4 h6 63. gxh6 Rh1 64. b5 Rxh6 65.
Ke4 Rh1 66. Rd5+ Ke7 67. Rg5 Kf6 68. Rg8 Rb1 69. Rf8+ Ke6 70. Re8+ Kd6 71. Ra8
Rb4+ 72. Kf3 Rxb5 73. Rxa7 Rb1 1/2-1/2

[Event "12sen.WM-H Naumburg"]
[Site "Naumburg/Saale(20.10.-03.11.)"]
[Date "2002.10.30"]
[Round "8"]
[White "Polk, Maria"]
[Black "Axnich, Hellmuth"]
[Result "0-1"]
[WhiteElo "1233"]
[BlackElo "1364"]
[PlyCount "92"]
[EventDate "2002.11.??"]

1. e4 c5 2. g3 e6 3. Bg2 g6 4. c3 Bg7 5. Ne2 Nf6 6. d4 cxd4 7. cxd4 d5 8. e5
Nfd7 9. O-O O-O 10. Nbc3 a6 11. Be3 Nb6 12. b3 f6 13. exf6 Qxf6 14. Qd2 Qf7 15.
f4 Nc6 16. Rf2 Bd7 17. Raf1 Kh8 18. Kh1 Ne7 19. Ng1 Nf5 20. Nh3 Nxe3 21. Qxe3
Rae8 22. Ng5 Qg8 23. Ne2 h6 24. Nf3 Bb5 25. a4 Bxe2 26. Qxe2 Nd7 27. Nh4 Bxd4
28. Rf3 Qg7 29. Qd3 Kh7 30. g4 Bf6 31. Rh3 Bxh4 32. Rxh4 Rf7 33. g5 h5 34.
Rxh5+ Kg8 35. Rh4 Nc5 36. Qb1 Kf8 37. Rh6 Ne4 38. Bxe4 dxe4 39. Qxe4 Rf5 40.
Qb4+ Re7 41. Re1 Qf7 42. Rh8+ Kg7 43. Qc3+ e5 44. Rh3 Rxf4 45. b4 Rf1+ 46. Rxf1
Qxf1# 0-1

[Event "12sen.WM-H Naumburg"]
[Site "Naumburg/Saale(20.10.-03.11.)"]
[Date "2002.10.30"]
[Round "8"]
[White "Rahn, Oskar"]
[Black "Hesselbarth, Karlheinz"]
[Result "1/2-1/2"]
[WhiteElo "2060"]
[BlackElo "1788"]
[PlyCount "40"]
[EventDate "2002.11.??"]

1. e4 e5 2. Nf3 Nc6 3. d4 exd4 4. Nxd4 Qh4 5. Qd3 Bc5 6. c3 Nf6 7. Nd2 O-O 8.
g3 Qh5 9. Bg2 d5 10. Nxc6 bxc6 11. Nb3 Nxe4 12. Nd4 Re8 13. O-O Bxd4 14. Qxd4
Bh3 15. Bxh3 Qxh3 16. Bf4 Re7 17. f3 Nd6 18. Rae1 Rae8 19. Rxe7 Rxe7 20. Qf2
Nc8 1/2-1/2

[Event "12sen.WM-H Naumburg"]
[Site "Naumburg/Saale(20.10.-03.11.)"]
[Date "2002.10.30"]
[Round "8"]
[White "Reichenbach, Werner"]
[Black "Zhelesny, Stanislav"]
[Result "0-1"]
[WhiteElo "2297"]
[BlackElo "2229"]
[PlyCount "112"]
[EventDate "2002.11.??"]

1. e4 c6 2. d4 d5 3. Nd2 g6 4. Ngf3 Bg7 5. c3 Nh6 6. Bd3 O-O 7. O-O Nd7 8. Re1
dxe4 9. Nxe4 Nf6 10. Neg5 Nf5 11. Ne5 Nd6 12. h3 e6 13. Ngf3 Nf5 14. g4 Ne7 15.
Bf4 b5 16. Bc2 h5 17. Bb3 hxg4 18. hxg4 Nfd5 19. Bg3 a5 20. a3 Ba6 21. Qd2 Qc8
22. Nd3 Nb6 23. Nc5 Ned5 24. Ne5 Qe8 25. Kg2 Bc8 26. g5 f5 27. gxf6 Rxf6 28.
Ng4 Rf5 29. Bc2 Nc4 30. Qc1 Rh5 31. b3 Ncb6 32. Bd3 Qf7 33. Be4 e5 34. Nxe5
Bh3+ 35. Kg1 Bxe5 36. dxe5 Bg4 37. Bg2 Rf8 38. Ne4 Bf5 39. Nd6 Qe6 40. Nxf5
Qxf5 41. c4 bxc4 42. bxc4 Ne7 43. Rb1 Nbc8 44. e6 Qc5 45. Qe3 Qxc4 46. Rb7 c5
47. Bf3 Rhf5 48. Bg2 Rh5 49. Rc1 Qg4 50. Rxc5 Qd1+ 51. Bf1 Nf5 52. Rxf5 Rfxf5
53. Qe4 Rhg5 54. Qe3 Re5 55. Qd3 Rd5 56. Qc3 Rxg3+ 0-1

[Event "12sen.WM-H Naumburg"]
[Site "Naumburg/Saale(20.10.-03.11.)"]
[Date "2002.10.30"]
[Round "8"]
[White "Reichert, Rudolf"]
[Black "Skjoenberg, Sverre"]
[Result "1/2-1/2"]
[WhiteElo "1581"]
[BlackElo "1544"]
[PlyCount "60"]
[EventDate "2002.11.??"]

1. e4 c6 2. d4 d5 3. e5 Bf5 4. Bd3 Bxd3 5. Qxd3 e6 6. Nf3 Nd7 7. Bg5 Be7 8. Be3
c5 9. c3 cxd4 10. Bxd4 a6 11. Nbd2 Bc5 12. Rc1 Rc8 13. O-O Ne7 14. Ng5 Bxd4 15.
cxd4 Rxc1 16. Rxc1 Nc6 17. Ngf3 O-O 18. a3 Ne7 19. Ng5 Ng6 20. Qg3 Re8 21. Ngf3
h6 22. h4 Ne7 23. Rc3 b5 24. h5 Kh8 25. Qf4 Rf8 26. Nh4 Kh7 27. Rh3 Qc8 28. Rc3
Qd8 29. g4 g5 30. hxg6+ fxg6 1/2-1/2

[Event "12sen.WM-H Naumburg"]
[Site "Naumburg/Saale(20.10.-03.11.)"]
[Date "2002.10.30"]
[Round "8"]
[White "Reimann, Hubert[42Merse"]
[Black "Glende, Siegfried"]
[Result "1-0"]
[WhiteElo "1941"]
[BlackElo "1708"]
[PlyCount "67"]
[EventDate "2002.11.??"]

1. d4 Nf6 2. c4 g6 3. Nc3 Bg7 4. e4 d6 5. f4 O-O 6. Nf3 c5 7. Be2 b6 8. O-O Bb7
9. d5 Nbd7 10. h3 h6 11. Be3 Kh8 12. Qd2 Kh7 13. Rae1 a6 14. e5 Ne8 15. e6 fxe6
16. dxe6 Ndf6 17. Bd3 Bxf3 18. Rxf3 Ng8 19. Rg3 Rf6 20. Bxg6+ Kh8 21. Bf7 Nc7
22. f5 Qf8 23. Rf1 Rxf7 24. exf7 Qxf7 25. Qe2 Rb8 26. a4 a5 27. Rg6 Rf8 28. Ne4
Nf6 29. Nxf6 exf6 30. Bxh6 Qxg6 31. fxg6 Bxh6 32. Qe7 Bg7 33. Qxc7 f5 34. h4
1-0

[Event "12sen.WM-H Naumburg"]
[Site "Naumburg/Saale(20.10.-03.11.)"]
[Date "2002.10.30"]
[Round "8"]
[White "Rettler, Heinz"]
[Black "Schober, Manfred"]
[Result "0-1"]
[WhiteElo "2167"]
[BlackElo "2047"]
[PlyCount "74"]
[EventDate "2002.11.??"]

1. e4 e5 2. Nf3 Nc6 3. Bb5 f5 4. Nc3 Nf6 5. d4 Nxd4 6. Nxd4 exd4 7. Qxd4 c6 8.
Bd3 fxe4 9. Nxe4 Nxe4 10. Bxe4 d5 11. Bf3 Qe7+ 12. Be3 Qb4+ 13. c3 Qxd4 14.
Bxd4 Bd6 15. O-O Rg8 16. Rfe1+ Kd8 17. b4 Bd7 18. a4 a5 19. Reb1 Kc7 20. h3 g5
21. Rb2 g4 22. hxg4 Bxg4 23. Bxg4 Rxg4 24. f3 Rf4 25. Be3 Rc4 26. bxa5 Rxc3 27.
Bb6+ Kc8 28. Re2 Kd7 29. Rae1 Rg8 30. Re3 Rc2 31. R3e2 Rc4 32. Re6 c5 33. Rf6
Rf8 34. Rh6 Rf7 35. Ree6 Bg3 36. Kf1 Rc1+ 37. Ke2 Re1+ 0-1

[Event "12sen.WM-H Naumburg"]
[Site "Naumburg/Saale(20.10.-03.11.)"]
[Date "2002.10.30"]
[Round "8"]
[White "Roettger, Johann"]
[Black "Heinemann, Klaus_Detlef"]
[Result "0-1"]
[WhiteElo "1102"]
[BlackElo "1458"]
[PlyCount "114"]
[EventDate "2002.11.??"]

1. d4 e6 2. Nf3 Nf6 3. Bf4 c5 4. e3 Nc6 5. Be2 Be7 6. Bd3 O-O 7. O-O Nh5 8. c3
Nxf4 9. exf4 cxd4 10. Qc2 g6 11. Nxd4 Nxd4 12. cxd4 Bf6 13. Qc3 Qb6 14. Qc5
Qxb2 15. Nc3 Qd2 16. Be2 Qxf4 17. Rad1 d6 18. Qc4 d5 19. Qd3 Bd7 20. g3 Qd6 21.
a4 a6 22. Rb1 Rab8 23. Rb3 Rfc8 24. Qd2 Bc6 25. Rd1 Qe7 26. Qc2 Bd7 27. Kg2
Bxa4 28. Qb2 Bxb3 29. Qxb3 b5 30. Na2 Qa7 31. Qb4 a5 32. Qd6 Rc2 33. Nc1 Rb6
34. Qf4 Kg7 35. Bd3 Rc8 36. Nb3 a4 37. Ra1 Qe7 38. Nc1 Bg5 39. Qg4 Bxc1 40. Qd1
Bg5 41. Rb1 Qd7 42. Rb4 Bf6 43. Qb1 Rcb8 44. h4 Be7 45. Rb2 h5 46. f4 b4 47.
Qd1 b3 48. Qf1 f5 49. Qd1 Bf6 50. Rb1 Rb4 51. Kf3 Rxd4 52. Qe2 Kf7 53. Qd1 e5
54. fxe5 Bxe5 55. Qe2 Kf6 56. Qf1 Rg4 57. Ke2 Bxg3 0-1

[Event "12sen.WM-H Naumburg"]
[Site "Naumburg/Saale(20.10.-03.11.)"]
[Date "2002.10.30"]
[Round "8"]
[White "Rost_van_Tonningen, Otto"]
[Black "Bakalarczyk, Wlodimierz"]
[Result "1/2-1/2"]
[WhiteElo "2230"]
[BlackElo "2003"]
[PlyCount "67"]
[EventDate "2002.11.??"]

1. d4 Nf6 2. c4 g6 3. Nc3 Bg7 4. Nf3 d6 5. e3 c6 6. Be2 O-O 7. O-O a6 8. a4 b6
9. Qc2 Bb7 10. b4 Nbd7 11. Ba3 Rc8 12. c5 Re8 13. Rad1 Nd5 14. Ne4 N7f6 15.
Nxf6+ Nxf6 16. e4 Qc7 17. Rfe1 dxc5 18. bxc5 bxc5 19. Bxc5 Nd7 20. Rb1 a5 21.
Rb3 e5 22. dxe5 Nxc5 23. Qxc5 Bf8 24. Qb6 Ba8 25. Qxc7 Rxc7 26. Rd1 Bb4 27. Bc4
Kg7 28. Rbd3 Bb7 29. Rd7 Re7 30. e6 fxe6 31. Rxc7 Rxc7 32. Ng5 Re7 33. Nxe6+
Kf6 34. Nd8 1/2-1/2

[Event "12sen.WM-H Naumburg"]
[Site "Naumburg/Saale(20.10.-03.11.)"]
[Date "2002.10.30"]
[Round "8"]
[White "Rueggeberg, Wilhelm"]
[Black "Will, Michael"]
[Result "1/2-1/2"]
[WhiteElo "1814"]
[BlackElo "2077"]
[PlyCount "95"]
[EventDate "2002.11.??"]

1. d4 d5 2. Nf3 e6 3. c4 f5 4. Nc3 Nf6 5. g3 c6 6. cxd5 exd5 7. Bg2 Be7 8. O-O
O-O 9. Ne5 Nbd7 10. f4 Qb6 11. e3 g6 12. Qc2 Ne4 13. Bf3 Nxe5 14. fxe5 Ng5 15.
Bg2 Be6 16. Ne2 Ne4 17. Nf4 Bf7 18. Nd3 Rfc8 19. Qa4 Be8 20. Qb3 Qxb3 21. axb3
c5 22. Nf4 Bc6 23. Bxe4 fxe4 24. Bd2 cxd4 25. exd4 Bg5 26. Bc3 Bb5 27. Rfe1
Bxf4 28. gxf4 Kf7 29. Rac1 Bd3 30. h4 Ke6 31. Kf2 Rc6 32. b4 Rac8 33. Ke3 a6
34. Rg1 Rf8 35. Rg5 Rf5 36. Rcg1 Rxg5 37. Rxg5 Kf7 38. f5 gxf5 39. Rxf5+ Kg7
40. Kf4 Rg6 41. Rg5 h6 42. Rxg6+ Kxg6 43. Be1 Kf7 44. Bd2 Ke6 45. Kg3 h5 46.
Kf4 Bb5 47. Kg5 Be8 48. Be3 1/2-1/2